000 00837nam a2200193 a 4500
001 2452
003 CO-ViMGA
008 141112s2004 ck r 000 u spa d
040 _aCO-ViMGA
_bspa
_cCO-ViMGA
082 0 4 _a666.94 P156t
245 1 0 _aPanorama actual de las tecnicas del cemento y del hormigon /
_cArredon Francisco y otros
260 _aMadrid :
_bTecnicos asociados,
_c1974
300 _a246 p : il
505 _aCementos : Problemática actual, cementos especiales 23 - - Aceros para pretensar, su problemática actual 117 - - proyecto, dosificación y ensayos para la estabilización de suelos con cemento 193 - - El hormigón en las obras hidráulicas 209 - - Las estructuras sísimicas y el hormigón 219
650 1 4 _aArredon, Francisco
_951368
650 1 4 _aCEMENTO
_951369
650 1 4 _aHORMIGON
942 _2ddc
_cBK
999 _c14532
_d14532